000 00568nam a2200181Ia 4500
008 240729s9999 xx 000 0 und d
022 _a2288-1956
245 0 _aIntestinal Research
260 _aKorea, Republic of
260 _bKorean Association for the Study of Intestinal Diseases
650 _a Diseases of the digestive system. Gastroenterology
650 _a Internal medicine
650 _a Specialties of internal medicine
650 _aMedicine
856 _uhttps://doaj.org/toc/502ea9e844294fa1837be40d9978fb77
942 _2ddc
942 _cDOAJEJ
999 _c65898
_d65898
945 _a1
_bMadushi Gamage
_c1
_dMadushi Gamage